000 00457nam a2200181Ia 4500
001 22570
005 20260414150840.0
008 260414t2014||||xx |||||||||||||| ||spa||
041 _aESP
082 _a621.382
_bP43A
100 _aPerahia, Eldad
_eAUT
245 0 _aNext generation Wireless LANs :
_b802.11n and 802.11 ac
260 _c2014
300 _axxviii, 452 páginas :
_c25 cm.
650 _aTCA
654 _aCET
942 _cLIB
_dJUS
_fJUS
_2ddc
_n
999 _c22570
_d22570